02437nkc a2200361za 450000100060000000300040000600500170001000700070002700800410003404000240007510000410009924500690014026000120020930001010022150001870032250001920050950000650070150001690076650400520093550500590098751001510104651002100119756101300140761000750153765100260161265500400163870000600167885200120173885601500175094200250190095201330192599900170205884438OSt20260317164646.0kh boc250409s1878 sp ||||| |||| 00| i|spa d aM-RABAbspacM-RABA1 aElorza, Lorenzod(1861-1931)911106810aEstíbalizb: El santuario de Nuestra Señora en 1878c/ L. E. c [1878] a1 fotografíab: gelatina de platac; imagen 16,5 x 12 cm c; soporte secundario 26,5 x 21,5 cm aVista general desde el sur del santuario de Nuestra Señora de Estíbaliz en el año 1878, donde figura la fachada principal compuesta por la portada, ventanal y doble espadaña. aFotografía montada sobre soporte secundario de cartulina azul enmarcada con orla en relieve. Título y numeración manuscrita que hace referencia a la posición en la serie “59”. aSello con monograma del fotógrafo en tinta roja “L.E.” aForma parte de un conjunto de 167 fotografías empleadas por Federico Baráibar Zumárraga para la elaboración del Inventario del Románico en Álava (1911). aBaraibar, F.: "Rincones artísticos", M. 1914. aEstibariz.- El Santuario de Ntra. Sra. en 1878 / L. E. aDescripción tomada de: Soto Madrazo, Javier (2008). Federico Baraibar y el Inventario del Románico en Álava: una caja con 167 fotografías. aEsta colección fue utilizada posteriormente por Cristóbal de Castro para la elaboración y publicación del "Catálogo Monumental de España: provincia de Álava", Madrid, S. de Rivadeneira, 1915. aDonadas junto con la memoria manuscrita a la Academia por el mismo Baraibar (Sesión 12 de febrero de 1912, Archivo: 4-32-1)27aSantuario de Santa María de Estíbaliz (cÁlava, España)927018 7aÁlava2embne975661 0aFotografías de monumentos91115801 aBaráibar y Zumárraga, Federico d(1851-1918)912926 jFot-168 3Fot-168uhttps://archivoybiblioteca.realacademiabellasartessanfernando.com/cgi-bin/koha/opac-retrieve-file.pl?id=7d7bab8ab36077bc4b7189de5c780d99 2ddccFOTOGRAFÍAn0 00102ddc40708FOTOGRAFIAaRABASFbRABASFcDP2d2025-04-09l0oFot-168p1095313r2025-04-09 12:41:34w2025-04-09yFOTOGRAFÍA c84438d84438